Online
Catalog

Economistas y sociedad : (Record no. 36354)

MARC details
000 -CABECERA
campo de control de longitud fija 00879nam a2200205 a 4500
001 - NÚMERO DE CONTROL
campo de control 000036863
005 - FECHA Y HORA DE LA ÚLTIMA TRANSACCIÓN
campo de control 20200930080002.0
008 - DATOS DE LONGITUD FIJA--INFORMACIÓN GENERAL
campo de control de longitud fija 120202s1976 mx a 000 0 spa d
040 ## - FUENTE DE LA CATALOGACIÓN
Centro catalogador/agencia de origen DO-SdBNP
Lengua de catalogación spa
Centro/agencia transcriptor BNPHU
082 ## - NÚMERO DE LA CLASIFICACIÓN DECIMAL DEWEY
Número de clasificación xxxx
Número de documento/Ítem F499e
100 1# - ENTRADA PRINCIPAL--NOMBRE DE PERSONA
Nombre de persona Finkelstein, Joseph,
Fechas asociadas al nombre 1926-
9 (RLIN) 63226
240 10 - TÍTULO UNIFORME
Título uniforme Economists and society; the development of economic thought from Aquinas to Keynes
Lenguaje de la obra Español.
245 10 - MENCIÓN DE TÍTULO
Título Economistas y sociedad :
Resto del título el desarrollo del pensamiento económico desde Tomás de Aquino a Keynes /
Mención de responsabilidad, etc. Joseph Finkelstein y Alfred L. Thimm ; traducción al español de : J. M. Alvarez Florez y Angela Pérez.
260 ## - PUBLICACIÓN, DISTRIBUCIÓN, ETC.
Lugar de publicación, distribución, etc. México :
Nombre del editor, distribuidor, etc. Logos Consorcio,
Fecha de publicación, distribución, etc. 1976.
300 ## - DESCRIPCIÓN FÍSICA
Extensión 379 p. :
Otras características físicas il. ;
Dimensiones 23 cm.
500 ## - NOTA GENERAL
Nota general Bibliografía : p. [367]-373
500 ## - NOTA GENERAL
Nota general Incluye índice analítico
700 1# - PUNTO DE ACCESO ADICIONAL--NOMBRE DE PERSONA
Nombre de persona Thimm, Alfred L.
9 (RLIN) 63227
700 1# - PUNTO DE ACCESO ADICIONAL--NOMBRE DE PERSONA
Nombre de persona Alvarez Florez, J. M.,
Término indicativo de función/relación tr.
9 (RLIN) 11935
Holdings
Estado de retiro Estado de pérdida Restricciones de uso No para préstamo Código de colección Localización permanente Ubicación/localización actual Ubicación en estantería Fecha de adquisición Número de inventario Total de préstamos Signatura topográfica completa Código de barras Fecha visto por última vez Precio válido a partir de Tipo de ítem Koha
      Excluido de préstamo Monografías: Libros y Folletos General General En catalogación 02.02.2012 LF1   xxxx F499e 36863-10 25.06.2020 25.06.2020 No se presta

Powered by Koha